[Event "Chigorin Memorial 2019"]
[Site "St Petersburg RUS"]
[Date "2019.10.07"]
[Round "3.103"]
[White "Klevets, Ksenia"]
[Black "Babanin, Gleb"]
[Result "0-1"]
[WhiteElo "1842"]
[BlackElo "2119"]
[WhiteFideId "24157937"]
[BlackFideId "34152536"]
[EventDate "2019.10.05"]

1. e4 c5 2. Nf3 Nf6 3. Nc3 d5 4. exd5 Nxd5 5. Bb5+ Bd7 6. Bxd7+ Qxd7 7. O-O Nc6
8. d3 e6 9. Re1 Be7 10. Nxd5 Qxd5 11. Bf4 Bf6 12. Rb1 Qxa2 13. Ne5 Qa4 14. Nc4
O-O 15. Bd6 Be7 16. Ra1 Qb5 17. Bxe7 Nxe7 18. Ra5 Qc6 19. Qa1 a6 20. Ne5 Qc7 21.
Qa3 Rac8 22. h3 Rfd8 23. Ra4 Rd5 24. Rae4 Nc6 25. Qc3 Nxe5 26. Rxe5 Rxe5 27.
Rxe5 Qd6 28. b4 Qd4 29. Qxd4 cxd4 30. Re4 Rd8 31. Kf1 Kf8 32. Ke2 Ke7 33. Kd2
Rd5 34. c3 dxc3+ 35. Kxc3 Kd7 36. f4 a5 37. bxa5 Rxa5 38. g4 Ra3+ 39. Kd2 b5 40.
f5 Ra2+ 41. Kc3 Ra3+ 42. Kd2 Ra6 43. fxe6+ Rxe6 44. Rf4 Ke7 45. Rf3 Rf6 46. Re3+
Kd6 47. Kc3 Kd5 48. Kb4 Kd4 49. Re7 Kxd3 50. Kxb5 Rf3 51. Kc5 g6 52. Kd5 h5 53.
gxh5 gxh5 54. Re5 h4 55. Rh5 Rxh3 56. Rf5 Ke2 57. Rxf7 Rf3 58. Rh7 h3 59. Ke4
Kf2 0-1

[Event "Chigorin Memorial 2019"]
[Site "St Petersburg RUS"]
[Date "2019.10.07"]
[Round "3.104"]
[White "Schetchikov, Vladimir"]
[Black "Shakirov, Marat"]
[Result "1-0"]
[WhiteTitle "FM"]
[WhiteElo "1834"]
[BlackElo "2114"]
[WhiteFideId "4131193"]
[BlackFideId "44118171"]
[EventDate "2019.10.05"]

1. d4 Nf6 2. c4 c5 3. d5 b5 4. cxb5 a6 5. bxa6 Bxa6 6. Nc3 d6 7. e4 Bxf1 8. Kxf1
g6 9. Nge2 Bg7 10. h4 O-O 11. Ng3 h5 12. Bg5 Nbd7 13. Rh3 Qb6 14. Qe2 Rfb8 15.
Rb1 Ng4 16. f3 Bxc3 17. fxg4 hxg4 18. Qxg4 Ne5 19. Qe2 Qa5 20. b3 f6 21. Bf4
Qxa2 22. Qxa2 Rxa2 23. Ne2 Bd2 24. Bxe5 fxe5 25. h5 g5 26. Rd1 g4 27. Rd3 Rf8+
28. Kg1 Bb4 29. Nc1 Rc2 30. Rg3 Rf4 31. Nd3 Rxe4 32. Nf2 Ree2 33. Rxg4+ Kh7 34.
Ne4 Kh6 35. Rd3 Re1+ 36. Kh2 Rcc1 37. Rg6+ Kh7 38. Ng5+ Kh8 39. Rf3 Rh1+ 40. Kg3
Be1+ 41. Kg4 Rh4+ 42. Kf5 e4 43. h6 Bc3 44. Rxc3 1-0

[Event "Chigorin Memorial 2019"]
[Site "St Petersburg RUS"]
[Date "2019.10.07"]
[Round "3.105"]
[White "Zaichikov, Andrey"]
[Black "Novozhilov, Semen"]
[Result "1-0"]
[WhiteElo "2113"]
[BlackElo "1786"]
[WhiteFideId "24176591"]
[BlackFideId "24289167"]
[EventDate "2019.10.05"]

1. e4 e6 2. d3 d5 3. Nd2 Nf6 4. Ngf3 Nc6 5. g3 dxe4 6. dxe4 Bc5 7. Qe2 Ng4 8.
Bg2 Bxf2+ 9. Kf1 Bb6 10. Nc4 Bc5 11. h3 Nf2 12. Rh2 O-O 13. e5 f5 14. exf6 Qxf6
15. Bf4 h6 16. Re1 Nd4 17. Qxf2 Nxf3 18. Qxc5 Nxh2+ 19. Ke2 g5 20. Be5 Qf5 21.
Nd2 b6 22. Qxc7 Ba6+ 23. Kd1 Rf7 24. Qd6 Rc8 25. c3 Bb5 26. Bd4 Bd7 27. Be4 Qa5
28. Bg6 Rc6 29. Bxf7+ Kxf7 30. Qxd7+ 1-0

[Event "Chigorin Memorial 2019"]
[Site "St Petersburg RUS"]
[Date "2019.10.07"]
[Round "3.106"]
[White "Bulsoev, Alexander"]
[Black "Semenenko, Sergey"]
[Result "0-1"]
[WhiteElo "1802"]
[BlackElo "2107"]
[WhiteFideId "44122276"]
[BlackFideId "4173767"]
[EventDate "2019.10.05"]

1. e4 c5 2. Nf3 d6 3. d4 cxd4 4. Nxd4 Nf6 5. Nc3 a6 6. Be3 e5 7. Nb3 Be6 8. f3
Be7 9. Qd2 O-O 10. O-O-O b5 11. g4 b4 12. Na4 Nbd7 13. h4 a5 14. h5 h6 15. Kb1
Qc7 16. g5 hxg5 17. Nc1 Nh7 18. Bd3 Nc5 19. Bb5 Rab8 20. Nxc5 dxc5 21. Ba4 Rfd8
22. Qg2 Rxd1 23. Rxd1 f6 24. Ne2 Nf8 25. Ng3 Nd7 26. Bxd7 Bxd7 27. Nf1 Be6 28.
Bc1 Rd8 29. Rxd8+ Qxd8 30. Ne3 Qd4 31. Ng4 a4 32. Qh1 Kh7 33. Qh3 Qd7 34. Qg2 c4
35. Qd2 Qxd2 36. Bxd2 Bc5 37. h6 Bxg4 38. fxg4 gxh6 0-1

[Event "Chigorin Memorial 2019"]
[Site "St Petersburg RUS"]
[Date "2019.10.07"]
[Round "3.107"]
[White "Terentev, Mikhail"]
[Black "Erokhin, Artem"]
[Result "1-0"]
[WhiteElo "2096"]
[BlackElo "1851"]
[WhiteFideId "24183814"]
[BlackFideId "44153414"]
[EventDate "2019.10.05"]

1. e4 c5 2. Nf3 d6 3. d4 cxd4 4. Nxd4 Nf6 5. Nc3 a6 6. h3 e6 7. g4 Be7 8. Bg2
Nfd7 9. Be3 Nc6 10. O-O O-O 11. f4 Nxd4 12. Bxd4 b5 13. e5 d5 14. f5 Bc5 15.
fxe6 fxe6 16. Rxf8+ Qxf8 17. Nxd5 Rb8 18. Nc3 Nxe5 19. Bxc5 Qxc5+ 20. Kh1 Bd7
21. Ne4 Qc7 22. Qd4 Bc6 23. Rd1 Bd5 24. c3 Rf8 25. Qc5 Qb7 26. Rxd5 Qxd5 27.
Nf6+ gxf6 28. Bxd5 1-0

[Event "Chigorin Memorial 2019"]
[Site "St Petersburg RUS"]
[Date "2019.10.07"]
[Round "3.108"]
[White "Tsoi, Matvey"]
[Black "Pavlov, Mark"]
[Result "0-1"]
[WhiteElo "1774"]
[BlackElo "2095"]
[WhiteFideId "54108802"]
[BlackFideId "34178829"]
[EventDate "2019.10.05"]

1. d4 d6 2. Nf3 g6 3. c3 Nf6 4. Bg5 Bg7 5. Nbd2 O-O 6. e4 c5 7. dxc5 dxc5 8. Bc4
Nc6 9. O-O Qc7 10. Qc2 h6 11. Bh4 Nh5 12. Rfd1 g5 13. Bg3 Nxg3 14. hxg3 b6 15.
a4 Bb7 16. Nf1 e6 17. Ne3 Rad8 18. Ba2 Ne5 19. Ne1 g4 20. f4 gxf3 21. gxf3 Kh8
22. Qh2 Ng6 23. Ng4 Kh7 24. Nf2 Rg8 25. Rxd8 Qxd8 26. Rd1 Qg5 27. f4 Nxf4 28.
Nf3 Ne2+ 29. Kg2 Qg6 30. Bb1 f5 31. Nh4 Qg5 32. Nf3 Qe3 33. Rd3 Nf4+ 34. gxf4
Bd4+ 35. Kf1 Qc1+ 36. Rd1 Ba6+ 0-1

[Event "Chigorin Memorial 2019"]
[Site "St Petersburg RUS"]
[Date "2019.10.07"]
[Round "3.109"]
[White "Frolov, Aleksey G."]
[Black "Serov, Aleksandr"]
[Result "0-1"]
[WhiteElo "2093"]
[BlackElo "1826"]
[WhiteFideId "34106500"]
[BlackFideId "34177261"]
[EventDate "2019.10.05"]

1. e4 c6 2. d4 d5 3. e5 Bf5 4. Nd2 Qc8 5. Nb3 e6 6. Nf3 Nd7 7. Be2 Ne7 8. O-O c5
9. dxc5 Nc6 10. Nbd4 Bg4 11. Nxc6 bxc6 12. b4 a5 13. c3 Bxf3 14. Bxf3 Nxe5 15.
Re1 Nxf3+ 16. Qxf3 Be7 17. a4 Bf6 18. Ra2 O-O 19. Bf4 Qa6 20. Bd6 Qc4 21. Rae2
Rfe8 22. Rb1 e5 23. b5 e4 24. Qe3 Bxc3 25. Rc2 d4 26. Qc1 Qxa4 27. b6 Bb4 28.
Rc4 d3 29. Qe3 Qa2 30. Rcc1 Bd2 31. Qd4 Bxc1 32. Rxc1 Qd2 33. Rb1 Qe2 0-1

[Event "Chigorin Memorial 2019"]
[Site "St Petersburg RUS"]
[Date "2019.10.07"]
[Round "3.110"]
[White "Nuritdinov, Nizomitdin"]
[Black "Skvortsov, Alexander"]
[Result "0-1"]
[WhiteElo "1771"]
[BlackElo "2092"]
[WhiteFideId "34177245"]
[BlackFideId "24170038"]
[EventDate "2019.10.05"]

1. d4 Nf6 2. g3 c5 3. e3 g6 4. Bg2 Bg7 5. c3 d6 6. Ne2 O-O 7. O-O Nc6 8. Nd2 e5
9. d5 Ne7 10. e4 Ne8 11. f4 f5 12. fxe5 dxe5 13. c4 Nd6 14. b3 g5 15. Bb2 f4 16.
Qc2 Ng6 17. a3 Bg4 18. Nf3 h5 19. gxf4 gxf4 20. Kh1 Rc8 21. Neg1 Rc7 22. h3 Bf6
23. Bc3 Rh7 24. Rae1 Rff7 25. Nh2 Bd7 26. Ngf3 b6 27. Rg1 Rhg7 0-1

[Event "Chigorin Memorial 2019"]
[Site "St Petersburg RUS"]
[Date "2019.10.07"]
[Round "3.111"]
[White "Zhafyarov, Adel"]
[Black "Ismagilov, Igor"]
[Result "0-1"]
[WhiteElo "2089"]
[BlackElo "1835"]
[WhiteFideId "34147630"]
[BlackFideId "44100507"]
[EventDate "2019.10.05"]

1. d4 d6 2. Bf4 Nd7 3. Nf3 g6 4. e4 Bg7 5. Nc3 e5 6. Be3 Ne7 7. Bc4 O-O 8. Qd2
a6 9. Bg5 Qe8 10. dxe5 dxe5 11. b4 Nb6 12. Bb3 Bg4 13. a4 Nc6 14. a5 Bxf3 15.
gxf3 Nd4 16. Qe3 h6 17. axb6 hxg5 18. bxc7 Ne6 19. Qb6 Nxc7 20. Qxc7 Rc8 21.
Qxb7 Rxc3 22. Rxa6 Rxf3 23. Ke2 Rc3 24. Rha1 Qd8 25. Ra8 Qf6 26. Rxf8+ Bxf8 27.
Ra7 Rf3 28. Kd1 Rxf2 29. Kc1 Rf1+ 30. Kb2 Qf2 31. Qd5 Qxa7 0-1

[Event "Chigorin Memorial 2019"]
[Site "St Petersburg RUS"]
[Date "2019.10.07"]
[Round "3.112"]
[White "Gorovenko, Darya"]
[Black "Zelenskaya, Anastasiya"]
[Result "1-0"]
[WhiteTitle "WFM"]
[WhiteElo "2088"]
[BlackElo "1826"]
[WhiteFideId "24173800"]
[BlackFideId "54112540"]
[EventDate "2019.10.05"]

1. d4 d5 2. Nc3 Nf6 3. Bf4 e6 4. Nf3 Bb4 5. Bg5 c5 6. a3 cxd4 7. Nxd4 Bxc3+ 8.
bxc3 Qa5 9. Bd2 Ne4 10. e3 Qc7 11. Bd3 Nxc3 12. Qg4 f5 13. Qh5+ g6 14. Qh6 Kf7
15. h4 Bd7 16. h5 Na6 17. Nf3 Ne4 18. Bxe4 dxe4 19. Ng5+ Kf6 20. Nxh7+ Ke7 21.
Qg7+ Kd6 22. Rd1 Kc6 23. Bb4 Nxb4 24. axb4 gxh5 25. b5+ Kxb5 26. Qb2+ Ka5 27.
Ra1+ Ba4 28. Rxa4+ Kxa4 29. O-O b5 30. Ra1# 1-0

[Event "Chigorin Memorial 2019"]
[Site "St Petersburg RUS"]
[Date "2019.10.07"]
[Round "3.113"]
[White "Rudikov, Dmitry"]
[Black "Zolotyh, Lev"]
[Result "1-0"]
[WhiteElo "2085"]
[BlackElo "1745"]
[WhiteFideId "44147171"]
[BlackFideId "34133353"]
[EventDate "2019.10.05"]

1. d4 d5 2. c4 dxc4 3. e3 Nf6 4. Bxc4 e6 5. Nf3 a6 6. a4 b6 7. O-O Bb7 8. Nc3
Nbd7 9. b3 Be7 10. Bb2 c5 11. d5 exd5 12. Nxd5 O-O 13. Nxe7+ Qxe7 14. Qe2 Qe4
15. Rfd1 Bd5 16. Bxd5 Nxd5 17. Rd2 N7f6 18. Rad1 Rfe8 19. Qf1 a5 20. h3 h6 21.
Qc4 Qf5 22. Qb5 Rac8 23. Bxf6 Nxf6 24. Qxb6 c4 25. Nd4 Qh5 26. bxc4 Ne4 27. Rd3
Nc5 28. Qxa5 Ra8 29. Qb5 Reb8 30. Qc6 Nxd3 31. Rxd3 Rb1+ 32. Kh2 Rab8 33. Qd5
Qg6 34. e4 Qf6 35. Rf3 Qe7 36. Nf5 Qc7+ 37. Qd6 Qxd6+ 38. Nxd6 Ra1 39. Nxf7 Rxa4
40. Nd6 Rb2 41. Kg3 Rd2 42. e5 Re2 43. Re3 Rxe3+ 44. fxe3 Kf8 45. Kf4 Ke7 46.
Nf5+ Kf7 47. e4 Ra2 48. g3 Rc2 49. h4 Rc3 50. h5 Ra3 51. e6+ Kf6 52. e7 Ra8 53.
c5 g5+ 54. hxg6 Kxg6 55. Nd6 1-0

[Event "Chigorin Memorial 2019"]
[Site "St Petersburg RUS"]
[Date "2019.10.07"]
[Round "3.114"]
[White "Lvov, Nikita"]
[Black "Grekhov, Luka"]
[Result "0-1"]
[WhiteElo "2079"]
[BlackElo "1601"]
[WhiteFideId "24200212"]
[BlackFideId "44129637"]
[EventDate "2019.10.05"]

1. d4 Nf6 2. c4 e6 3. Nf3 Bb4+ 4. Bd2 Be7 5. g3 b6 6. Bg2 Bb7 7. O-O c5 8. d5
exd5 9. Nh4 Bc6 10. Nf5 O-O 11. cxd5 Nxd5 12. Bh6 Bf6 13. Bxd5 Bxb2 14. Bxg7
Bxg7 15. Nxg7 Kxg7 16. e4 Bxd5 17. exd5 d6 18. Qg4+ Kh8 19. Nc3 Nd7 20. f4 f5
21. Qf3 Qf6 22. Nb5 a6 23. Nc7 Rac8 24. Ne6 Rfe8 25. a4 Nf8 26. Ng5 c4 27. Rfb1
h6 28. Qh5 c3 29. Rxb6 Qd4+ 30. Kg2 Qxb6 0-1

[Event "Chigorin Memorial 2019"]
[Site "St Petersburg RUS"]
[Date "2019.10.07"]
[Round "3.115"]
[White "Karmanova, Olga Dm."]
[Black "Kolchin, Maxim"]
[Result "0-1"]
[WhiteElo "1768"]
[BlackElo "2077"]
[WhiteFideId "24215333"]
[BlackFideId "34147222"]
[EventDate "2019.10.05"]

1. Nf3 Nf6 2. g3 d5 3. Bg2 Bf5 4. O-O e6 5. d3 Be7 6. Nbd2 h5 7. h4 c6 8. a4 a5
9. Qe1 Nbd7 10. e4 Bg6 11. Qe2 O-O 12. Re1 Qb6 13. e5 Ng4 14. Bh3 Bf5 15. Nf1
Bc5 16. Bxg4 Bxg4 17. c3 Nxe5 18. Qxe5 Bxf3 19. d4 Be7 20. Nh2 Bf6 21. Qf4 Be4
22. g4 Rae8 23. Qg3 Qd8 24. g5 Be7 25. Bf4 Qb6 26. Re2 c5 27. dxc5 Bxc5 28. Nf3
Bf5 29. Ne5 Rd8 30. g6 f6 31. Nf7 Rd7 32. Kh2 e5 33. Bh6 Qa6 34. Rd2 Qc4 35. f3
d4 36. Rg2 d3 37. Qe1 e4 38. b3 Qe6 39. b4 axb4 40. cxb4 Bd4 41. Rd1 e3 42. b5
gxh6 43. Qb4 Be5+ 44. Kh1 Bd6 45. Qc3 Kg7 0-1

[Event "Chigorin Memorial 2019"]
[Site "St Petersburg RUS"]
[Date "2019.10.07"]
[Round "3.116"]
[White "Martynyuk, Elizaveta"]
[Black "Lezina, Anna"]
[Result "1/2-1/2"]
[WhiteTitle "FM"]
[WhiteElo "2072"]
[BlackElo "1542"]
[WhiteFideId "24128511"]
[BlackFideId "54147220"]
[EventDate "2019.10.05"]

1. e4 Nf6 2. e5 Nd5 3. d4 d6 4. Nf3 dxe5 5. Nxe5 c6 6. Bc4 Nd7 7. Nxd7 Bxd7 8.
O-O g6 9. Qf3 Be6 10. Nc3 Bg7 11. Nxd5 Bxd5 12. Bxd5 Qxd5 13. Qxd5 cxd5 14. c3
e6 15. a4 O-O 16. a5 a6 17. Ra3 Rad8 18. Rb3 Rd7 19. Bf4 Bf6 20. g4 Bd8 21. Ra1
f6 22. h4 Kf7 23. g5 Be7 24. Kg2 Re8 25. Ra4 Bf8 26. gxf6 Kxf6 27. Kf3 Kf5 28.
c4 dxc4 29. Rxc4 h6 30. Rc7 Ree7 31. Rbxb7 Rxc7 32. Rxc7 Rxc7 33. Bxc7 h5 34.
Ke3 Be7 35. Kd3 g5 36. hxg5 h4 37. g6 Kxg6 38. Ke4 Kf7 39. Kf3 Ke8 40. Bb6 Kd7
41. Kg4 Kc6 42. b4 Bxb4 43. Kxh4 Be1 44. Kg3 Kd5 45. Kf3 Bc3 46. Ke3 Bb2 47. Kd3
Ba1 48. Bc5 Bb2 49. Ke3 Bc1+ 50. Kf3 Bb2 51. Kg4 e5 52. dxe5 Kxc5 53. Kf5 Kd5
54. f4 Bd4 55. Kg5 Ke6 56. Kg4 Bc3 57. Kf3 Kf5 58. Ke3 Bxa5 59. Kd4 Kxf4 60. e6
Bd8 61. Kc5 a5 62. Kb5 Ke5 63. e7 1/2-1/2

[Event "Chigorin Memorial 2019"]
[Site "St Petersburg RUS"]
[Date "2019.10.07"]
[Round "3.117"]
[White "Aseev, Vladimir"]
[Black "Pereverzev, Timofei"]
[Result "1-0"]
[WhiteElo "2057"]
[BlackElo "1479"]
[WhiteFideId "24121371"]
[BlackFideId "24239500"]
[EventDate "2019.10.05"]

1. d4 d5 2. Nf3 Nf6 3. Bf4 c5 4. e3 Nc6 5. c3 Qb6 6. Qb3 c4 7. Qxb6 axb6 8. Na3
Ra5 9. Bc7 Nd7 10. Nc2 e6 11. Be2 Ra7 12. O-O b5 13. Nd2 b6 14. Bg3 Nf6 15. Bf3
Be7 16. a4 bxa4 17. Nxc4 b5 18. Nd6+ Bxd6 19. Bxd6 Na5 20. Bc5 Ra8 21. Na3 Ba6
22. Be2 Rb8 23. Bd6 Rb7 24. f3 Kd7 25. Bb4 Nb3 26. Rad1 Kc7 27. e4 Kc6 28. Bd3
Nd7 29. Nc2 Rc7 30. Ba3 Nb6 31. Nb4+ Kb7 32. exd5 exd5 33. Rfe1 Rd8 34. Re5 g6
35. Bc2 Na5 36. Nd3 Nac4 37. Re7 Rxe7 38. Bxe7 Re8 39. Re1 Nc8 40. Bh4 Rxe1+ 41.
Bxe1 Ne3 42. Bb1 Nc4 43. Bg3 Ne7 44. Bf4 Kb6 45. Bg5 Nf5 46. Kf2 h6 47. Bc1 Bc8
48. g4 Nfd6 49. Bxh6 Kc7 50. Bc1 Kd8 51. Nb4 Be6 52. h4 Ke8 53. Nd3 Kf8 54. Kg3
Kg7 55. Nf4 Na5 56. Nxe6+ fxe6 57. h5 gxh5 58. gxh5 Nf7 59. Bd3 Nc4 60. Kg4 Ncd6
61. Kf4 Kf6 62. Kg3 Kg7 63. Kf2 Nh6 64. Ke2 Nhf5 65. Kd1 Nh4 66. h6+ Kh8 67. Bf4
Ndf5 68. Be5+ Kh7 69. Bd6 Kxh6 70. Bf4+ Kg6 71. Bxb5 1-0

[Event "Chigorin Memorial 2019"]
[Site "St Petersburg RUS"]
[Date "2019.10.07"]
[Round "3.118"]
[White "Zhuravlev, Mikhail"]
[Black "Iliaguev, Daniel"]
[Result "0-1"]
[WhiteElo "1577"]
[BlackElo "2082"]
[WhiteFideId "34430237"]
[BlackFideId "2818434"]
[EventDate "2019.10.05"]

1. e4 e6 2. d4 d5 3. Nc3 Bb4 4. e5 Ne7 5. a3 Bxc3+ 6. bxc3 c5 7. Nf3 h6 8. Bd3
b6 9. O-O Ba6 10. Bxa6 Nxa6 11. Qe2 Nb8 12. a4 Nd7 13. Ba3 O-O 14. c4 dxc4 15.
dxc5 Rc8 16. Rfd1 Qe8 17. Qxc4 Nxc5 18. Bxc5 Rxc5 19. Qa6 Nc6 20. a5 bxa5 21.
Nd4 Nxd4 22. Rxd4 Qb8 23. Rad1 Qxe5 24. Rd8 Rxd8 25. Rxd8+ Kh7 26. Qd3+ Qf5 27.
g4 Qxd3 28. Rxd3 Rxc2 0-1

[Event "Chigorin Memorial 2019"]
[Site "St Petersburg RUS"]
[Date "2019.10.07"]
[Round "3.119"]
[White "Vetokhin, Savva"]
[Black "Shaymardanov, Bakhtiyar"]
[Result "1-0"]
[WhiteTitle "CM"]
[WhiteElo "2071"]
[BlackElo "1470"]
[WhiteFideId "44144474"]
[BlackFideId "34348190"]
[EventDate "2019.10.05"]

1. d4 d5 2. c4 e6 3. Nc3 Be7 4. Bf4 Nf6 5. cxd5 Nxd5 6. Nxd5 exd5 7. Nf3 c6 8.
a3 Bf5 9. e3 O-O 10. Bd3 Bxd3 11. Qxd3 Nd7 12. O-O a5 13. Rfe1 Re8 14. Qf5 Nf6
15. Ne5 Qc8 16. Qc2 Bd6 17. Nd3 Bxf4 18. Nxf4 Ne4 19. Nd3 Re6 20. b4 Rh6 21. Ne5
Ng5 22. Qe2 Qf5 23. bxa5 Re8 24. Rab1 Nh3+ 25. gxh3 Qxh3 26. f3 f6 27. Ng4 Rg6
28. Qf1 Qh4 29. Kh1 1-0

[Event "Chigorin Memorial 2019"]
[Site "St Petersburg RUS"]
[Date "2019.10.07"]
[Round "3.122"]
[White "Nagaeva, Aliia"]
[Black "Palchun, Grigory"]
[Result "0-1"]
[WhiteElo "1542"]
[BlackElo "2368"]
[WhiteFideId "54152275"]
[BlackFideId "24147338"]
[EventDate "2019.10.05"]

1. e4 e5 2. Nf3 Nc6 3. Bc4 Bc5 4. c3 Nf6 5. d3 d6 6. Nbd2 O-O 7. Bb3 a6 8. O-O
Ba7 9. h3 h6 10. Re1 Re8 11. Nf1 Be6 12. Ng3 d5 13. exd5 Bxd5 14. Bxd5 Qxd5 15.
Be3 Bxe3 16. Rxe3 Qb5 17. Qc2 Nd5 18. Re2 Nf4 19. Rd2 Rad8 20. Rad1 Qd5 21. c4
Qe6 22. a3 Qg6 23. b4 Nd4 24. Nxd4 Rxd4 25. b5 Red8 26. Qc3 Rxd3 27. Rxd3 Rxd3
28. Rxd3 Nxd3 29. bxa6 bxa6 30. Qa5 Qb6 31. Qd2 Qd4 32. Qa2 Qb2 33. Qxb2 Nxb2
34. c5 Nc4 35. a4 Nb2 36. Ne4 Nxa4 0-1

[Event "Chigorin Memorial 2019"]
[Site "St Petersburg RUS"]
[Date "2019.10.07"]
[Round "3.123"]
[White "Paltusov, Sergei"]
[Black "Purtov, Andrei"]
[Result "0-1"]
[BlackTitle "IM"]
[WhiteElo "1798"]
[BlackElo "2353"]
[WhiteFideId "24128147"]
[BlackFideId "4102037"]
[EventDate "2019.10.05"]

1. Nf3 Nf6 2. d4 g6 3. c4 Bg7 4. Nc3 O-O 5. e4 d6 6. Be2 Nbd7 7. O-O e5 8. dxe5
dxe5 9. Qc2 c6 10. h4 Qe7 11. Be3 Nh5 12. g3 Nc5 13. Kg2 Ne6 14. Rad1 f5 15.
exf5 gxf5 16. Nxe5 Bxe5 17. Bxh5 f4 18. Bc1 Nd4 19. Rxd4 Bxd4 20. Qd3 Qe5 21.
Bf3 Bf5 22. Ne4 Rae8 0-1

[Event "Chigorin Memorial 2019"]
[Site "St Petersburg RUS"]
[Date "2019.10.07"]
[Round "3.124"]
[White "Golovanskikh, Dmitriy"]
[Black "Dudarev, V."]
[Result "1/2-1/2"]
[WhiteElo "1764"]
[BlackElo "2127"]
[WhiteFideId "54123178"]
[BlackFideId "4124413"]
[EventDate "2019.10.05"]

1. d4 Nf6 2. Bf4 d5 3. e3 c5 4. c3 Nc6 5. Nd2 cxd4 6. exd4 Bf5 7. Qb3 Qc8 8.
Ngf3 e6 9. Ne5 Be7 10. Be2 O-O 11. O-O h6 12. a4 Ne4 13. Nxe4 Bxe4 14. a5 Nxe5
15. Bxe5 a6 16. Ra4 Qd7 17. Rc1 Rac8 18. h3 Rfe8 19. Bg3 Rc6 20. Rca1 Rec8 21.
Be5 Bf8 22. Bg3 1/2-1/2

[Event "Chigorin Memorial 2019"]
[Site "St Petersburg RUS"]
[Date "2019.10.07"]
[Round "3.125"]
[White "Ovezdurdiyeva, Jemal"]
[Black "Akhmedov, David"]
[Result "1-0"]
[WhiteTitle "WFM"]
[WhiteElo "2117"]
[BlackElo "1785"]
[WhiteFideId "14001888"]
[BlackFideId "34220194"]
[EventDate "2019.10.05"]

1. d4 Nf6 2. c4 g6 3. Nc3 Bg7 4. Bg5 O-O 5. e3 d6 6. Nf3 Nbd7 7. Qc2 c6 8. Rd1
Re8 9. Be2 e5 10. O-O Qe7 11. dxe5 dxe5 12. Ne4 h6 13. Bxf6 Nxf6 14. Nd6 Rd8 15.
c5 Nd5 16. Bc4 Be6 17. a3 b5 18. Ba2 a5 19. Qe4 b4 20. Nxe5 Nf6 21. Nxg6 Qc7 22.
Qxc6 Qxc6 23. Ne7+ Kf8 24. Nxc6 Bxa2 25. Nxd8 Rxd8 26. axb4 axb4 27. Nf5 Rc8 28.
Rd4 Nd5 29. Nxg7 Kxg7 30. Rc1 Rc6 31. g3 f5 32. Kf1 Kf6 33. Ke2 Ke5 34. Kd3 Bb3
35. h3 h5 36. Rh4 Ba4 37. Kc4 Rh6 38. g4 fxg4 39. hxg4 Be8 40. gxh5 Ba4 41. Rd4 1-0

[Event "Chigorin Memorial 2019"]
[Site "St Petersburg RUS"]
[Date "2019.10.07"]
[Round "3.126"]
[White "De Luna Butz, Alberto"]
[Black "Khadzhiev, Valery"]
[Result "0-1"]
[WhiteElo "1770"]
[BlackElo "2056"]
[WhiteFideId "2269007"]
[BlackFideId "34154601"]
[EventDate "2019.10.05"]

1. Nf3 d5 2. c4 e6 3. g3 Nf6 4. Bg2 Be7 5. O-O O-O 6. b3 Ne4 7. Bb2 Bf6 8. Qc2
Bxb2 9. Qxb2 c6 10. d3 Nf6 11. Nbd2 Nbd7 12. d4 Qe7 13. c5 Re8 14. Ne5 Nxe5 15.
dxe5 Nd7 16. b4 b6 17. cxb6 axb6 18. Rfc1 Bb7 19. b5 c5 20. Nc4 Ra7 21. Nd6 Rd8
22. a4 Ba8 23. a5 Rxa5 24. Rxa5 bxa5 25. b6 Bc6 0-1

[Event "Chigorin Memorial 2019"]
[Site "St Petersburg RUS"]
[Date "2019.10.07"]
[Round "3.127"]
[White "Shalagin, Vladimir"]
[Black "Makshanov, Matvey"]
[Result "1-0"]
[WhiteElo "2042"]
[BlackElo "1753"]
[WhiteFideId "34191990"]
[BlackFideId "24218081"]
[EventDate "2019.10.05"]

1. e4 e5 2. Nf3 Nc6 3. Bc4 Bc5 4. d3 Nf6 5. Bg5 h6 6. Be3 Bb6 7. Nc3 d6 8. Bxb6
axb6 9. a3 O-O 10. h3 Be6 11. Bxe6 fxe6 12. d4 exd4 13. Nxd4 Qe8 14. O-O Nxd4
15. Qxd4 e5 16. Qd3 Qe6 17. Kh2 Rf7 18. Rad1 Raf8 19. Qe2 Nh7 20. Nd5 Ng5 21.
Rd3 Qd7 22. Rc3 Ne6 23. Qg4 Re8 24. Rxc7 Qb5 25. Rxf7 Qxf1 26. Qg6 Rf8 27. Nf6+ 1-0

[Event "Chigorin Memorial 2019"]
[Site "St Petersburg RUS"]
[Date "2019.10.07"]
[Round "3.128"]
[White "Leonova, Ameliya"]
[Black "Antonian, Grant"]
[Result "0-1"]
[WhiteElo "1748"]
[BlackElo "2039"]
[WhiteFideId "13512730"]
[BlackFideId "24197807"]
[EventDate "2019.10.05"]

1. e4 e5 2. Nf3 Nc6 3. Bb5 a6 4. Bxc6 dxc6 5. O-O Bg4 6. h3 h5 7. d3 Qf6 8. Be3
Bxf3 9. Qxf3 Qxf3 10. gxf3 Ne7 11. f4 exf4 12. Bxf4 O-O-O 13. Nd2 g5 14. Bh2 Bg7
15. Rab1 Ng6 16. Kh1 g4 17. Nc4 Nh4 18. Ne5 Bxe5 19. Bxe5 Rh6 20. Bg3 Nf3 21. h4
Re6 22. Rfd1 f5 23. exf5 Re2 24. Rbc1 Rf8 25. d4 Rxf5 26. Rd3 Ne1 27. Rc3 Rf3
28. Rxf3 Nxf3 29. Kg2 Nxd4 30. Kf1 Rxc2 31. Rxc2 Nxc2 0-1

[Event "Chigorin Memorial 2019"]
[Site "St Petersburg RUS"]
[Date "2019.10.07"]
[Round "3.129"]
[White "Ananjev, Ilija"]
[Black "Pavlov, Mikhail"]
[Result "0-1"]
[WhiteElo "1741"]
[BlackElo "2034"]
[WhiteFideId "34166979"]
[BlackFideId "44126573"]
[EventDate "2019.10.05"]

1. Nf3 c5 2. c4 Nf6 3. g3 b6 4. Bg2 Bb7 5. O-O e6 6. Nc3 Be7 7. b3 O-O 8. Bb2 a6
9. d4 cxd4 10. Qxd4 Nc6 11. Qd2 Qc7 12. e4 d6 13. Rfd1 Rfd8 14. Rac1 Rac8 15. h3
Qb8 16. Qe3 Ba8 17. Na4 Nd7 18. e5 b5 19. exd6 Bxd6 20. c5 Bxg3 21. fxg3 bxa4
22. Qg5 f6 23. Qg4 Kh8 24. Qxe6 Nf8 25. Qg4 axb3 26. axb3 Qxb3 27. Rxd8 Rxd8 28.
Bc3 Qa3 29. Qf4 Ne6 30. Qe3 Nxc5 31. Bd4 Qxe3+ 32. Bxe3 Ne6 33. Rc2 Kg8 0-1